Infinite dimensional groups and algebras in quantum physics /
Disponible en la Web:
Guardado en:
| Autor Principal: | |
|---|---|
| Formato: | Libro |
| Idioma: | English |
| Publicado: |
Berlin :
Springer-Verlag,
c1995.
|
| Series: | Lecture notes in physics. Monographs ;
m27 |
| Materias: | |
| Acceso en línea: | Abstract |
| Etiquetas: |
Agregar Etiqueta
Sin Etiquetas, Sea el primero en etiquetar este registro!
|
| LEADER | 01250pam a2200277 a 4500 | ||
|---|---|---|---|
| 001 | MAT.inmabb003446 | ||
| 008 | 950214s1995####gw#######b####001#0#eng## | ||
| 005 | 20130304111013.0 | ||
| 245 | 1 | 0 | |a Infinite dimensional groups and algebras in quantum physics / |c Johnny T. Ottesen. |
| 260 | |a Berlin : |b Springer-Verlag, |c c1995. | ||
| 300 | |a 218 p. ; |c 24 cm. | ||
| 440 | 0 | |a Lecture notes in physics. |n New series m, |p Monographs ; |v m27 | |
| 520 | 3 | |a Disponible en la Web: |u http://mmf.ruc.dk/%7Ejohnny/publicat.htm#p10 | |
| 504 | |a Incluye referencias bibliográficas (p. [211]-215) e índice. | ||
| 505 | 0 | |a 1. Introduction -- 2. The spin representation of the infinite-dimensional orthogonal group -- 3. The metaplectic representation of the infinite-dimensional symplectic group -- 4. Loop algebras and the Virasoro algebra -- 5. Applications. | |
| 510 | 4 | |a MR, |c 97a:22028a | |
| 020 | |a 3540589147 | ||
| 100 | 1 | |a Ottesen, Johnny T., |d 1959- | |
| 650 | 0 | |a Quantum field theory. | |
| 650 | 0 | |a Algebra. | |
| 650 | 0 | |a Representations of groups. | |
| 084 | |a 22E67 (17B81 81R10 81S05) |2 msc2000 | ||
| 010 | |a 95007866 | ||
| 040 | |a DLC |c DLC |d DLC | ||
| 856 | 4 | 2 | |u http://mmf.ruc.dk/%7Ejohnny/publicat.htm#p10 |y Abstract |
| 859 | |h 22 |i Ot89 |p A-7156 |b BIB. MATEMATICA | ||
